000 00854nam a22002297a 4500
005 20180102144018.0
010 _a1718EN-30 ENG-121955
020 _a9789311126166
_c665.00
035 _aEN-105487
035 _aB-684953-985
037 _bPahuja
_adpl
037 _bDBAD/PUB
082 _a540
100 _aGupta, R.K.
245 _aNational eligibility cum entrance test NEET :
_cby R.K. Gupta
_bobjective chemistry vol.2 /
260 _c2017
_aNew Delhi
_bArihant Prakashan
270 _a4577/15, Agarwal Road, Darya Ganj,
_bNew Delhi
_e110002
300 _c27cm(pbk)
_a888p.
490 _aNEET Preparatory Series
942 _cEN
_2ddc
_mGUP
_h540
999 _c146265
_d146265